Winx Club - Les pouvoirs magiques - Statistiques

Statistiques générales
  • Ce quiz a été pris 212 fois
  • Le résultat moyen est 6 sur 7
Statistiques - réponses
Winx Pouvoirs % Correct
Musa Musique
98%
Flora Nature
95%
Tecna Technologie
95%
Stella Lune & Soleil
92%
Roxy Animaux
91%
Layla/Aisha Morphix / Fluide
87%
Bloom Flamme du Dragon
85%
Aucun quiz correspondant
Distribution des résultats
% des personnes avec chaque résultat
Percentile par nombre de réponses
Votre historique - résultats
Vous n’avez pas pris ce quiz